| 000 | 00603nam a2200217 a 4500 | ||
|---|---|---|---|
| 001 | 51518 | ||
| 003 | BD-RjUL | ||
| 005 | 20211209075655.0 | ||
| 008 | 160831s1963 enk||||| |||| 001 0 eng d | ||
| 035 | _a(BD-RjUL) 51638 | ||
| 040 |
_aBD-RjUL _beng _cBD-RjUL _dBD-RjUL |
||
| 041 | _aeng | ||
| 082 |
_223 _a361.6 _bRUL 1963 |
||
| 100 | 1 | 0 |
_aRuck, S K _9154015 |
| 245 | 1 | 0 |
_aLondon government and the welfare services / _cS K Ruck |
| 260 |
_aLondon : _bRoutledge & kegan paul, _cc1963 |
||
| 300 |
_avi, 169 p. ; _c23 cm. |
||
| 500 | _aInclude index | ||
| 650 |
_aPublic welfare _9154016 |
||
| 942 |
_2ddc _cBK |
||
| 999 |
_c51518 _d51518 |
||